Know Yourself to Grow Yourself (Record no. 13846)

MARC details
000 -LEADER
fixed length control field 00394nam a22001577a 4500
003 - CONTROL NUMBER IDENTIFIER
control field OSt
008 - FIXED-LENGTH DATA ELEMENTS--GENERAL INFORMATION
fixed length control field 260223b |||||||| |||| 00| 0 eng d
020 ## - INTERNATIONAL STANDARD BOOK NUMBER
International Standard Book Number 9788198868992
082 ## - DEWEY DECIMAL CLASSIFICATION NUMBER
Classification number 158.1NAK
100 ## - MAIN ENTRY--PERSONAL NAME
Personal name NAIR,Maneesh Diwakaran
245 ## - TITLE STATEMENT
Title Know Yourself to Grow Yourself
250 ## - EDITION STATEMENT
Edition statement 1st Ed
260 ## - PUBLICATION, DISTRIBUTION, ETC. (IMPRINT)
Place of publication, distribution, etc New Delhi
Name of publisher, distributor, etc Kabdwal Book International
Date of publication, distribution, etc 2025
300 ## - PHYSICAL DESCRIPTION
Extent 204p
942 ## - ADDED ENTRY ELEMENTS (KOHA)
Source of classification or shelving scheme Dewey Decimal Classification
Koha item type Reference Books
Holdings
Withdrawn status Lost status Source of classification or shelving scheme Damaged status Not for loan Collection code Home library Current library Date acquired Source of acquisition Currency Bill Number Total Checkouts Full call number Acc. no. / Barcode Date last seen Actual Cost, discounted price Bill Date Koha item type Public note
    Dewey Decimal Classification     GENERAL PIET C-LIBRARY PIET C-LIBRARY 30/01/2026 Kabdwal Book International INR KBI40290   158.1 NAK 39885 23/02/2026 449.25 30/01/2026 Reference Books Decentrilization

Design & Developed by: PIET Central Library
R70 Miles Stone Pattikalyana Samalkha Panipat 132102
mail ID :- [email protected], Phone No:- 0180-2569700 Ex.216